My days in Sri Lanka / (Record no. 28183)

MARC details
000 -LEADER
campo de control de longitud fija 01433cam a2200397 a 4500
001 - NÚMERO DE CONTROL
campo de control 123315
005 - FECHA Y HORA DE LA ÚLTIMA TRANSACCIÓN
campo de control 20230410103915.0
008 - DATOS DE LONGITUD FIJA--INFORMACIÓN GENERAL
campo de control de longitud fija 110428s2011 ii af b 001 0 eng
035 ## - NÚMERO DE CONTROL DEL SISTEMA
Número de control de sistema 16777759
010 ## - NÚMERO DE CONTROL DE LA BIBLIOTECA DEL CONGRESO
Número de control de LC 2011323164
020 ## - NÚMERO INTERNACIONAL ESTÁNDAR DEL LIBRO
Número Internacional Estándar del Libro 9788124116142
025 ## - NÚMERO DE ADQUISICIÓN EXTRANJERO
Número de adquisición extranjero I-E-2011-323164; 63-91; 63-12
035 ## - NÚMERO DE CONTROL DEL SISTEMA
Número de control de sistema (IN-NdUBS) 2011323164
037 ## - FUENTE DE ADQUISICIÓN
Fuente del número de adquisición Library of Congress -- New Delhi Overseas Office
040 ## - FUENTE DE CATALOGACIÓN
Centro catalogador/agencia de origen DLC
Centro/agencia transcriptor DLC
Centro/agencia modificador DLC
042 ## - CÓDIGO DE AUTENTICACIÓN
Código de autenticación lcode
-- pcc
043 ## - CÓDIGO DE ÁREA GEOGRÁFICA
Código de área geográfica a-ce---
-- a-ii---
050 14 - SIGNATURA TOPOGRÁFICA DE LA BIBLIOTECA DEL CONGRESO
Número de clasificación 433 DS 489.84
Número de ítem M214m 2011
100 1# - ENTRADA PRINCIPAL--NOMBRE DE PERSONA
Nombre de persona Maharotra, Lakhana,
Fechas asociadas al nombre 1934-
245 10 - MENCIÓN DEL TÍTULO
Título My days in Sri Lanka /
Mención de responsabilidad, etc. Lakhan Mehrotra.
260 ## - PUBLICACIÓN, DISTRIBUCIÓN, ETC.
Lugar de publicación, distribución, etc. New Delhi :
Nombre del editor, distribuidor, etc. Har Anand Publications,
Fecha de publicación, distribución, etc. 2011.
300 ## - DESCRIPCIÓN FÍSICA
Extensión 254 p., [4] p. of plates :
Otras características físicas col. ill. ;
Dimensiones 23 cm.
504 ## - NOTA DE BIBLIOGRAFÍA, ETC.
Nota de bibliografía, etc. Includes bibliographical references (p. [249]-250) and index.
651 #0 - PUNTO DE ACCESO ADICIONAL DE MATERIA--NOMBRE GEOGRÁFICO
Nombre geográfico Sri Lanka
Subdivisión general History
Subdivisión cronológica Civil War, 1983-2009
Subdivisión de forma Personal narratives, East Indian.
610 20 - PUNTO DE ACCESO ADICIONAL DE MATERIA--NOMBRE DE ENTIDAD CORPORATIVA
Nombre de entidad corporativa o nombre de jurisdicción como elemento de entrada Indian Peace Keeping Force.
610 20 - PUNTO DE ACCESO ADICIONAL DE MATERIA--NOMBRE DE ENTIDAD CORPORATIVA
Nombre de entidad corporativa o nombre de jurisdicción como elemento de entrada Tamioliola Viòtutalaippulikaòl (Association)
650 #0 - PUNTO DE ACCESO ADICIONAL DE MATERIA--TÉRMINO DE MATERIA
Término de materia o nombre geográfico como elemento de entrada Tamil (Indic people)
Subdivisión geográfica Sri Lanka
Subdivisión general Politics and government.
651 #0 - PUNTO DE ACCESO ADICIONAL DE MATERIA--NOMBRE GEOGRÁFICO
Nombre geográfico Sri Lanka
Subdivisión general Politics and government.
651 #0 - PUNTO DE ACCESO ADICIONAL DE MATERIA--NOMBRE GEOGRÁFICO
Nombre geográfico India
Subdivisión general Relations
Subdivisión geográfica Sri Lanka.
651 #0 - PUNTO DE ACCESO ADICIONAL DE MATERIA--NOMBRE GEOGRÁFICO
Nombre geográfico Sri Lanka
Subdivisión general Relations
-- India.
651 #4 - PUNTO DE ACCESO ADICIONAL DE MATERIA--NOMBRE GEOGRÁFICO
Nombre geográfico Sri Lanka
Subdivisión general Política y gobierno.
651 #4 - PUNTO DE ACCESO ADICIONAL DE MATERIA--NOMBRE GEOGRÁFICO
Nombre geográfico Sri Lanka
Subdivisión general Historia.
925 0# -
-- acquire
-- 1 shelf copy
-- policy default
942 ## - ELEMENTOS DE ENTRADA SECUNDARIOS (KOHA)
Fuente del sistema de clasificación o colocación Clasificación de Library of Congress
Tipo de ítem Koha
985 ## -
-- ODE-nd-vr-ubs
Holdings
Estatus retirado Estado de pérdida Fuente del sistema de clasificación o colocación Estado de daño No para préstamo Colección Biblioteca de origen Biblioteca actual Ubicación en estantería Fecha de adquisición Serial enumeration / chronology Signatura topográfica completa Código de barras Visto por última vez Copia número Tipo de ítem Koha
    Clasificación de Library of Congress     Recursos Regionales Biblioteca Juan Bosch Biblioteca Juan Bosch Recursos Regionales (2do. Piso) 10/04/2023 1 433 DS 489.84 M214m 2011 00000116642 23/10/2018 1